LIBRARY ONLINE CATALOGUE

International financial reporting and analysis / (Record no. 3939)

MARC details
000 -LEADER
fixed length control field 00769nam a22002412 4500
001 - CONTROL NUMBER
control field 0000019449
005 - DATE AND TIME OF LATEST TRANSACTION
control field 20151217145915.0
008 - FIXED-LENGTH DATA ELEMENTS--GENERAL INFORMATION
fixed length control field 101116s xx 000 0 eng d
020 ## - INTERNATIONAL STANDARD BOOK NUMBER
International Standard Book Number 1408017920 :
040 ## - CATALOGING SOURCE
Original cataloging agency KABU
Transcribing agency KABU
100 1# - MAIN ENTRY--PERSONAL NAME
Personal name Alexander, David.
-- 0000110641
245 10 - TITLE STATEMENT
Title International financial reporting and analysis /
Statement of responsibility, etc. David Alexander, Anne Britton and Ann Jorissen.
250 ## - EDITION STATEMENT
Edition statement 4th ed.
260 ## - PUBLICATION, DISTRIBUTION, ETC. (IMPRINT)
Place of publication, distribution, etc. Andover, England :
Name of publisher, distributor, etc. Cengage,
Date of publication, distribution, etc. 2009.
300 ## - PHYSICAL DESCRIPTION
Extent xxii, 894 p.
650 #0 - SUBJECT ADDED ENTRY--TOPICAL TERM
Topical term or geographic name as entry element Accounting.
-- 0000148321
650 #0 - SUBJECT ADDED ENTRY--TOPICAL TERM
Topical term or geographic name as entry element Financial statements.
-- 0000151467
700 1# - ADDED ENTRY--PERSONAL NAME
Personal name Britton, Anne.
-- 0000151848
700 1# - ADDED ENTRY--PERSONAL NAME
Personal name Jorissen, Ann.
-- 0000179163
852 1# - LOCATION
-- p4914 KES
908 ## - PUT COMMAND PARAMETER (RLIN)
Put command parameter 101116
950 ## - LOCAL HOLDINGS (RLIN)
-- 1
Holdings
Withdrawn status Lost status Source of classification or shelving scheme Not for loan Home library Current library Date acquired Total Checkouts Full call number Barcode Date last seen Date last checked out Price effective from Koha item type
    Library of Congress Classification   Kabarak, Main Campus Kabarak, Main Campus 17/12/2015 2 HF5635 .A44 2009 c. 1 23337 02/08/2024 21/05/2023 17/12/2015 General Collection